|
|
|
|
| LEADER |
01258nam a2200349Ia 4500 |
| 001 |
EBC995617 |
| 003 |
MiAaPQ |
| 005 |
20200520144314.0 |
| 006 |
m o d | |
| 007 |
cr cn||||||||| |
| 008 |
100713t20082010ne a sb 001 0 eng d |
| 020 |
|
|
|z 0080966616 (pbk.)
|
| 020 |
|
|
|z 9780080966618 (pbk.)
|
| 020 |
|
|
|a 9780080966625 (electronic bk.)
|
| 035 |
|
|
|a (MiAaPQ)EBC995617
|
| 035 |
|
|
|a (Au-PeEL)EBL995617
|
| 035 |
|
|
|a (CaPaEBR)ebr10592893
|
| 035 |
|
|
|a (CaONFJC)MIL295458
|
| 035 |
|
|
|a (OCoLC)828794767
|
| 040 |
|
|
|a MiAaPQ
|c MiAaPQ
|d MiAaPQ
|
| 050 |
|
4 |
|a HF5415.2
|b .H68 2010
|
| 100 |
1 |
|
|a Housden, Matthew.
|
| 245 |
1 |
0 |
|a Market information and research
|h [electronic resource] /
|c Matthew Housden.
|
| 260 |
|
|
|a Amsterdam ;
|a Boston :
|b Elsevier/BH,
|c 2008, c2010.
|
| 300 |
|
|
|a viii, 279 p. :
|b ill.
|
| 504 |
|
|
|a Includes bibliographical references and index.
|
| 533 |
|
|
|a Electronic reproduction. Ann Arbor, MI : ProQuest, 2015. Available via World Wide Web. Access may be limited to ProQuest affiliated libraries.
|
| 650 |
|
0 |
|a Marketing research.
|
| 650 |
|
0 |
|a Research.
|
| 655 |
|
4 |
|a Electronic books.
|
| 710 |
2 |
|
|a ProQuest (Firm)
|
| 856 |
4 |
0 |
|u https://ebookcentral.proquest.com/lib/matrademy/detail.action?docID=995617
|z Click to View
|